Normal view
MARC view
- Project Supervisor Asst Prof Saheeb Kayani
Entry Personal Name
001 - CONTROL NUMBER
- control field: 73101
003 - CONTROL NUMBER IDENTIFIER
- control field: NUST
005 - DATE AND TIME OF LATEST TRANSACTION
- control field: 20210628204953.0
008 - FIXED-LENGTH DATA ELEMENTS
- fixed length control field: 210628|| aca||aabn | a|a d
040 ## - CATALOGING SOURCE
- Original cataloging agency: NUST
- Transcribing agency: NUST
100 ## - HEADING--PERSONAL NAME
- Personal name: Project Supervisor Asst Prof Saheeb Kayani
670 ## - SOURCE DATA FOUND
- Source citation: Work cat.: (NUST): ASC Irfan Ali NC Osama Rehman NC Muhammad Akhyar Ahmad 73100, PR-SOF-1944-Design and Fabrication of a Wrist Prosthesis Using Compliant Joints, 2020
